Daily Capital City Riddle #153 - Statistics

General Stats
  • This quiz has been taken 27 times
  • The average score is 27 of 33
Answer Stats
Type Answer % Correct
Found Letter I
100%
Alphabet Letter A
95%
Alphabet Letter C
95%
Alphabet Letter E
95%
Alphabet Letter L
95%
Found Letter M
95%
Found Letter N
95%
Alphabet Letter P
95%
Found Letter R
95%
Alphabet Letter S
95%
Alphabet Letter T
95%
Alphabet Letter D
90%
Found Letter O
90%
Alphabet Letter U
90%
Alphabet Letter V
90%
Alphabet Letter Y
90%
Alphabet Letter B
85%
Alphabet Letter H
85%
Alphabet Letter K
85%
Alphabet Letter W
85%
Alphabet Letter J
80%
Alphabet Letter G
75%
Alphabet Letter F
70%
Correctly Placed Letter M
70%
Correctly Placed Letter O
70%
Alphabet Letter Q
70%
Correctly Placed Letter R
70%
Correctly Placed Letter N
65%
Alphabet Letter Z
65%
Alphabet Letter X
60%
Correctly Placed Letter I
50%
Mystery Capital Moroni
45%
Correctly Placed Letter O
45%
No matching quizzes found
Score Distribution
Percent of People with Each Score
Percentile by Number Answered
Your Score History
You have not taken this quiz